| 000 | 02069cam a2200445 a 4500 | ||
|---|---|---|---|
| 999 |
_c331634 _d331634 |
||
| 001 | 14264401 | ||
| 003 | NUST | ||
| 005 | 20201005150115.0 | ||
| 008 | 060214m20059999pk ab be 000 0 urdo | ||
| 010 | _a 2005332165 | ||
| 020 | _a9695033792 (v. 2) | ||
| 025 | _aP-U-2005332165 ; 01 | ||
| 038 | _ashaban | ||
| 040 |
_aDLC _cDLC _dDLC |
||
| 042 |
_alcode _apcc |
||
| 043 | _aa-pk--- | ||
| 050 | 0 | 0 |
_aGR303 _b.P285 2005 |
| 082 |
_a954.915 _bPAK |
||
| 245 | 0 | 0 |
_aPākistān kā s̲aqāfatī insaʼīklopīdiyā Balochistan / _c[Aegzekṭiv aiḍītar, ʻUksī Muftī ...[et al.]]. |
| 246 | 1 | 4 | _aPakistan encyclopedia of folklore |
| 260 |
_aIslamābād : _bLok Virsa ; _aLahore : _bal-Faisal, _c2005 |
||
| 300 |
_av 2: _bill. (chiefly col.), map ; _c29 cm. |
||
| 500 | _a"A joint venture of Lok Virsa, Islamabad and al-Faisal Nashran, Lahore, in five volumes, NWFP, Sindhi, Baluchistan, Punjab and Karakorum Region"--T.p. verso. | ||
| 504 | _aIncludes bibliographical references. | ||
| 505 | 1 | _aJil. 1. Shamālī ʻalāqah jāt : silsilah-yi Qarāquram, Himāliyah, Hindukush -- jild. 2. Sarḥad (En. Ḍabliyū. Ef. Pī.) -- jild. 3. Ṣūbah Balūcistān -- jild. 4. Punjāb -- jild. 5. Sindh | |
| 520 | _aCultural encyclopedia of Pakistan. | ||
| 546 | _aIn Urdu. | ||
| 650 | 0 |
_aFolklore _zPakistan _vEncyclopedias. _95330 |
|
| 651 | 0 |
_aPakistan _xSocial life and customs _vEncyclopedias. _95331 |
|
| 700 | 1 |
_aMufti, Uxi. _95332 |
|
| 710 | 2 |
_aNational Institute of Folk Heritage (Pakistan) _95333 |
|
| 880 |
_6245-02\(3\r _aپاکستان کا ثقافتی انسائیکلوپیڈیا: _bبلوچستان |
||
| 880 |
_6265-03\(3\r _aلاہور: _bالفیصل، _c2005 |
||
| 906 |
_a7 _bcbc _corigode _d2 _encip _f20 _gy-gencatlg |
||
| 942 |
_2ddc _cREF |
||